00690cam a22002171 4500001001300000003000400013005001700017008004100034010001700075035001900092040002700111042001200138050001800150100004400168245004400212260003400256300003500290500005100325651002500376710007100401sa 66004580 DLC20260227112243.0761202s1956 io 000 0 ind  asa 66004580  a(OCoLC)2591513 aDLCcIDeKNdOCoLCdDLC apremarc00aUA853.I5bS531 aSimatupang, T. B.q(Tahi Bonar),d1920-10aSoal-soal politik militer di Indonesia. a[Djakarta]bGaya Raya,c1956. a136 p.billus., ports.c20 cm. a"Undang-undang no. 29 tahun 1954": p. 132-135. 0aIndonesiaxDefenses.1 aIndonesia.kLaws, statutes, etc.gUndang-undang no. 29 tahun 1954.